Murukan kattakkayute kavithakal (Record no. 122345)

MARC details
000 -LEADER
fixed length control field 00737nam a2200241Ia 4500
003 - CONTROL NUMBER IDENTIFIER
control field OSt
005 - DATE AND TIME OF LATEST TRANSACTION
control field 20260216141257.0
008 - FIXED-LENGTH DATA ELEMENTS--GENERAL INFORMATION
fixed length control field 210210b2017 xxu||||| |||| 00| 0 eng d
020 ## - INTERNATIONAL STANDARD BOOK NUMBER
International Standard Book Number 9788126427598
040 ## - CATALOGING SOURCE
Transcribing agency AL
041 ## - LANGUAGE CODE
Language code of text/sound track or separate title Malayalam
082 ## - DEWEY DECIMAL CLASSIFICATION NUMBER
Classification number 894.8121 KATM
100 ## - MAIN ENTRY--PERSONAL NAME
Personal name KATTAKKADA (Murukan)
Dates associated with a name കാട്ടാക്കട (മുരുകൻ)
9 (RLIN) 255037
245 ## - TITLE STATEMENT
Title Murukan kattakkayute kavithakal
Remainder of title മുരുകൻ കാട്ടാക്കടയുടെ കവിതകൾ
260 ## - PUBLICATION, DISTRIBUTION, ETC.
Place of publication, distribution, etc. Kottayam
Name of publisher, distributor, etc. D C Books
Date of publication, distribution, etc. 2017
300 ## - PHYSICAL DESCRIPTION
Extent 94
650 ## - SUBJECT ADDED ENTRY--TOPICAL TERM
Topical term or geographic name entry element Murukan
9 (RLIN) 255038
650 ## - SUBJECT ADDED ENTRY--TOPICAL TERM
Topical term or geographic name entry element kavithakal
9 (RLIN) 255039
650 ## - SUBJECT ADDED ENTRY--TOPICAL TERM
Topical term or geographic name entry element kattakkayute
9 (RLIN) 255040
690 ## - LOCAL SUBJECT ADDED ENTRY--TOPICAL TERM (OCLC, RLIN)
Topical term or geographic name as entry element Malayalam
9 (RLIN) 255041
906 ## - LOCAL DATA ELEMENT F, LDF (RLIN)
a 072396
942 ## - ADDED ENTRY ELEMENTS (KOHA)
Source of classification or shelving scheme Dewey Decimal Classification
Koha item type Book
Holdings
Withdrawn status Lost status Source of classification or shelving scheme Damaged status Not for loan Collection code Home library Current library Shelving location Date acquired Source of acquisition Cost, normal purchase price Total Checkouts Full call number Barcode Date last seen Price effective from Koha item type
    Dewey Decimal Classification     Malayalam St Aloysius Library St Aloysius Library   02/17/2021 Biblios Book Point, Surathkal-575014 90.00   894.8121 KATM 072396 02/17/2021 02/17/2021 Book